Knowledge Management Research & Practice
Gespeichert in:
| Format: | Schriftenreihe |
|---|---|
| Sprache: | Englisch |
| Veröffentlicht: |
Abingdon
Taylor & Francis
|
| Tags: |
Keine Tags, Fügen Sie das erste Tag hinzu!
|
MARC
| LEADER | 00000nas1a2200000 4500 | ||
|---|---|---|---|
| 001 | 0258402 | ||
| 005 | 20250701092108.4 | ||
| 022 | |a 1477-8238 | ||
| 022 | |a 1477-8246 | ||
| 041 | 0 | |a eng | |
| 044 | |a GB | ||
| 245 | 1 | 0 | |a Knowledge Management Research & Practice |
| 264 | 1 | |a Abingdon |b Taylor & Francis | |